| 000 | 00324 a2200121 4500 | ||
|---|---|---|---|
| 001 | 71449 | ||
| 082 | _a629.13238 HIL | ||
| 090 |
_c38769 _d38769 |
||
| 100 | _aHill, P.G | ||
| 245 |
_aMechanics & Thermodynamics of Propulsion 2nd Edition _hEnglish |
||
| 260 |
_aNew York _bAddison Wesely _c1992 |
||
| 300 | _axii 754p | ||
| 942 |
_aCAE NUST _cTXT _k629.13238 HIL |
||
| 999 |
_c306522 _d306522 |
||